Southville International School and Colleges
Your cart is empty.
  • Cart
  • Lists
    Public lists Eva Luna New books Lux_list list_1
    Your lists Log in to create your own lists
  • Log in to your account
  • Your cookies
  • Search history
Southville International School and Colleges
  • Advanced search
  • Recent comments
  • Most popular
  • Libraries

Log in to your account

Log in with GOOGLE


If you do not have an external account, but do have a local account, you can still log in:

  1. Home
  2. MARC view: Writing from experience /
Normal view MARC view ISBD view

Writing from experience / (Record no. 9484)

[ view plain ]
MARC details
000 -LEADER
fixed length control field 00817cam a2200265 a 4500
001 - CONTROL NUMBER
control field 2805234
003 - CONTROL NUMBER IDENTIFIER
control field SISC
005 - DATE AND TIME OF LATEST TRANSACTION
control field 20160314103107.0
008 - FIXED-LENGTH DATA ELEMENTS--GENERAL INFORMATION
fixed length control field 820506s1983 njua 001 0 eng
010 ## - LIBRARY OF CONGRESS CONTROL NUMBER
LC control number 82009097
020 ## - INTERNATIONAL STANDARD BOOK NUMBER
International Standard Book Number 0139702857 (pbk.)
040 ## - CATALOGING SOURCE
Original cataloging agency DLC
Transcribing agency DLC
Modifying agency DLC
050 10 - LIBRARY OF CONGRESS CALL NUMBER
Classification number PE 1128.A2
Item number .F68 1983
082 00 - DEWEY DECIMAL CLASSIFICATION NUMBER
Classification number HS 808.042
Item number F86 1983
100 1# - MAIN ENTRY--PERSONAL NAME
Personal name Frank, Marcella.
9 (RLIN) 13809
245 10 - TITLE STATEMENT
Title Writing from experience /
Statement of responsibility, etc Marcella Frank
260 ## - PUBLICATION, DISTRIBUTION, ETC. (IMPRINT)
Place of publication, distribution, etc Englewood Cliffs, N.J. :
Name of publisher, distributor, etc Prentice-Hall,
Date of publication, distribution, etc c1983.
300 ## - PHYSICAL DESCRIPTION
Extent 268 p. :
Other physical details ill. ;
Dimensions 24 cm.
500 ## - GENERAL NOTE
General note Includes index.
650 #0 - SUBJECT ADDED ENTRY--TOPICAL TERM
Topical term or geographic name as entry element English language
General subdivision Study and teaching
-- Foreign speakers.
9 (RLIN) 13810
650 #0 - SUBJECT ADDED ENTRY--TOPICAL TERM
Topical term or geographic name as entry element Report writing
General subdivision Study and teaching.
9 (RLIN) 13811
906 ## - LOCAL DATA ELEMENT F, LDF (RLIN)
a 7
b cbc
c orignew
d 1
e ocip
f 19
g y-gencatlg
942 ## - ADDED ENTRY ELEMENTS (KOHA)
Source of classification or shelving scheme Library of Congress Classification
Koha item type Books
Holdings
Withdrawn status Lost status Source of classification or shelving scheme Damaged status Home library Current library Shelving location Date acquired Total Checkouts Full call number Barcode Date last seen Copy number Price effective from Koha item type
    Library of Congress Classification   Luxembourg Library Luxembourg Library High School Section 08/27/2013   PE 1128.A2 .F68 1983 2866 03/14/2016 1 08/27/2013 Books

Writing from experience /

APA

Frank M., . (1983). Writing from experience. Englewood Cliffs, N.J: Prentice-Hall.

Chicago

Frank Marcella, . 1983. Writing from experience. Englewood Cliffs, N.J: Prentice-Hall.

Harvard

Frank M., . (1983). Writing from experience. Englewood Cliffs, N.J: Prentice-Hall.

MLA

Frank Marcella, . Writing from experience. Englewood Cliffs, N.J: Prentice-Hall. 1983.

  • Place hold
  • Print
  • Cite
  • Add to your cart (remove)
  • Save record
    BIBTEX Dublin Core MARCXML MARC (non-Unicode/MARC-8) MARC (Unicode/UTF-8) MARC (Unicode/UTF-8, Standard) MODS (XML) RIS
  • More searches
    Search for this title in:
    Other Libraries (WorldCat) Other Databases (Google Scholar) Online Stores (Bookfinder.com) Open Library (openlibrary.org)

Exporting to Dublin Core...

SOUTHVILLE LIBRARY

Southville International School and Colleges Library

1281 Tropical Ave. Cor. Luxembourg St., BF Homes International, Las Pinas City

Tel. No. 8256374 / 252358 Loc. 117/146

Powered by Koha